[Event "Vienna op 18th"]
[Site "Vienna"]
[Date "2013.08.23"]
[Round "7"]
[White "Stanec, Nikolaus"]
[Black "Sergeyeva, Maria"]
[Result "1-0"]
[WhiteElo "2515"]
[BlackElo "2320"]
[PlyCount "87"]
[EventDate "2013.08.17"]
[EventType "swiss"]
[EventRounds "9"]
[EventCountry "AUT"]
[SourceTitle "CBM 156 Extra"]
[Source "ChessBase"]
[SourceDate "2013.10.22"]
[SourceVersion "1"]
[SourceVersionDate "2013.10.22"]
[SourceQuality "1"]

1. e4 c5 2. Nf3 d6 3. c3 Nf6 4. h3 e6 5. Bd3 Nc6 6. Bc2 Be7 7. 0-0 0-0 8. Re1 b5 9. d4 Bb7 10. dxc5 dxc5 11. Qe2 Qb6 12. e5 Nd7 13. Qe4 g6 14. Qg4 Rfe8 15. Bf4 Bf8 16. Nbd2 Bg7 17. Qg3 Ne7 18. Ne4 Nf5 19. Qh2 Rad8 20. Bg5 Bxe4 21. Bxd8 Qxd8 22. Bxe4 Qc7 23. Bxf5 exf5 24. Rad1 Nxe5 25. Nxe5 Rxe5 26. Qg3 Rxe1+ 27. Rxe1 Qxg3 28. Re8+ Bf8 29. fxg3 Kg7 30. Rb8 b4 31. Ra8 Bd6 32. Rxa7 Bxg3 33. a4 Be5 34. cxb4 cxb4 35. Rb7 Bxb2 36. Rxb4 Bc3 37. Rb5 Kf8 38. a5 Ke8 39. a6 Kd8 40. Rb7 Kc8 41. Rxf7 Kb8 42. Rb7+ Ka8 43. Rxh7 g5 44. Kf2 1-0

[Event "Vienna op 18th"]
[Site "Vienna"]
[Date "2013.08.21"]
[Round "5"]
[White "Sergeyeva, Maria"]
[Black "Akesson, Ralf"]
[Result "1-0"]
[WhiteElo "2320"]
[BlackElo "2455"]
[PlyCount "87"]
[EventDate "2013.08.17"]
[EventType "swiss"]
[EventRounds "9"]
[EventCountry "AUT"]
[SourceTitle "CBM 156 Extra"]
[Source "ChessBase"]
[SourceDate "2013.10.22"]
[SourceVersion "1"]
[SourceVersionDate "2013.10.22"]
[SourceQuality "1"]

1. e4 c5 2. Nf3 e6 3. d4 cxd4 4. Nxd4 a6 5. Nc3 b5 6. Be3 Bb7 7. f3 Nc6 8. Qd2 Nge7 9. 0-0-0 Nxd4 10. Bxd4 d6 11. g4 Nc6 12. h4 Rc8 13. g5 Qa5 14. Kb1 Nxd4 15. Qxd4 b4 16. Ne2 d5 17. Bh3 Qc7 18. Rd2 Bd6 19. f4 Bxf4 20. Nxf4 Qxf4 21. exd5 Qxd4 22. Rxd4 0-0 23. dxe6 Bxh1 24. e7 Rce8 25. exf8Q+ Kxf8 26. b3 a5 27. Bf5 Re5 28. Bd3 h6 29. g6 fxg6 30. Bxg6 Ke7 31. Rf4 Bd5 32. Kb2 Re3 33. a3 bxa3+ 34. Kxa3 Kd6 35. Ra4 Rg3 36. h5 Rg5 37. Rxa5 Bf3 38. Kb4 Bd1 39. Ra7 Kc6 40. Rf7 Kb6 41. c4 Rg3 42. c5+ Ka6 43. Rd7 Rxb3+ 44. Kc4 1-0

[Event "Olympiad Women-40"]
[Site "Istanbul"]
[Date "2012.08.31"]
[Round "4.2"]
[White "Botsari, Anna Maria"]
[Black "Sergeyeva, Maria"]
[Result "1-0"]
[WhiteElo "2336"]
[BlackElo "2346"]
[PlyCount "91"]
[EventDate "2012.08.28"]
[EventType "team-swiss"]
[EventRounds "11"]
[EventCountry "TUR"]
[SourceTitle "CBM 150 Extra"]
[Source "ChessBase"]
[SourceDate "2012.10.19"]
[SourceVersion "1"]
[SourceVersionDate "2012.10.19"]
[SourceQuality "1"]
[WhiteTeam "Greece (W)"]
[BlackTeam "Kazakhstan (W)"]
[WhiteTeamCountry "GRE"]
[BlackTeamCountry "KAZ"]

1. d4 Nf6 2. g3 g6 3. Bg2 Bg7 4. Nf3 0-0 5. 0-0 d6 6. c4 Nbd7 7. Nc3 e5 8. e4 exd4 9. Nxd4 Nc5 10. h3 Re8 11. Re1 a5 12. Rb1 c6 13. Nc2 a4 14. Bf4 Bf8 15. b4 axb3 16. axb3 Nh5 17. Be3 f5 18. exf5 Bxf5 19. g4 Bg7 20. Qd2 Nd3 21. gxf5 Nxe1 22. Nxe1 Qf6 23. Rc1 Qxf5 24. b4 Be5 25. Nd3 Ra3 26. Nxe5 dxe5 27. Ne4 Nf4 28. Nd6 Rd8 29. Nxf5 Rxd2 30. Bxd2 Ne2+ 31. Kh2 Nxc1 32. Bxc1 Rc3 33. Bd2 Rc2 34. Nh6+ Kg7 35. Be3 Rxc4 36. b5 cxb5 37. Bxb7 b4 38. Bd5 Rc3 39. Ng4 b3 40. Bh6+ Kh8 41. Nxe5 b2 42. Nf7+ Kg8 43. Nd6+ Kh8 44. Ne8 Rc7 45. Ba2 Re7 46. Bg7+ 1-0

[Event "Tashkent zt 3.4 (Women)"]
[Site "Tashkent"]
[Date "2009.06.22"]
[Round "8"]
[White "Sergeyeva, Maria"]
[Black "Dauletova, Gulmira"]
[Result "1/2-1/2"]
[WhiteElo "2377"]
[BlackElo "2232"]
[PlyCount "144"]
[EventDate "2009.06.17"]
[EventType "tourn"]
[EventRounds "11"]
[EventCountry "UZB"]
[SourceTitle "CBM 131 Extra"]
[Source "ChessBase"]
[SourceDate "2009.09.03"]
[SourceVersion "2"]
[SourceVersionDate "2009.09.16"]
[SourceQuality "1"]

1. e4 c5 2. Nf3 d6 3. d4 cxd4 4. Nxd4 Nf6 5. Nc3 g6 6. Be3 Bg7 7. f3 Nc6 8. Bc4 0-0 9. Bb3 Bd7 10. h4 h5 11. Qd2 Rc8 12. 0-0-0 Ne5 13. Bg5 Rc5 14. Kb1 Re8 15. g4 hxg4 16. f4 Nc4 17. Qe2 b5 18. f5 gxf5 19. exf5 Re5 20. Qg2 Qc8 21. Bxc4 Qxc4 22. Bxf6 exf6 23. Rhf1 b4 24. Qxg4 bxc3 25. Rg1 Kf8 26. Qxg7+ Ke7 27. b3 Qb4 28. Rd3 Rc8 29. Qg3 a5 30. a3 Qxa3 31. Rxc3 Rxc3 32. Qxc3 Qc5 33. Kb2 Re4 34. Rd1 Qxc3+ 35. Kxc3 Rxh4 36. Re1+ Kd8 37. Ra1 a4 38. bxa4 Kc7 39. a5 Kb7 40. Rb1+ Ka6 41. Rb6+ Kxa5 42. Rxd6 Bc8 43. Rxf6 Rh3+ 44. Kb2 Rh7 45. Ka3 Rh3+ 46. Nb3+ Kb5 47. Rxf7 Kc6 48. Kb4 Rh4+ 49. c4 Kd6 50. Nc5 Rf4 51. f6 Bh3 52. Kb5 Bg4 53. Kb4 Bh3 54. Rf8 Bf1 55. Rd8+ Kc6 56. Rc8+ Kb6 57. Ne4 Bd3 58. Re8 Bxe4 59. f7 Rxf7 60. Rxe4 Rf6 61. Rh4 Kc6 62. Rh8 Rg6 63. Ra8 Kb7 64. Ra5 Kb6 65. c5+ Kb7 66. Kb5 Rg8 67. c6+ Kb8 68. Kb6 Rg1 69. Kc5 Rc1+ 70. Kd6 Rd1+ 71. Rd5 Rxd5+ 72. Kxd5 Kc7 1/2-1/2

[Event "Tashkent zt 3.4 (Women)"]
[Site "Tashkent"]
[Date "2009.06.18"]
[Round "2"]
[White "Muminova, Nafisa"]
[Black "Sergeyeva, Maria"]
[Result "1-0"]
[WhiteElo "2212"]
[BlackElo "2377"]
[PlyCount "79"]
[EventDate "2009.06.17"]
[EventType "tourn"]
[EventRounds "11"]
[EventCountry "UZB"]
[SourceTitle "CBM 131 Extra"]
[Source "ChessBase"]
[SourceDate "2009.09.03"]
[SourceVersion "2"]
[SourceVersionDate "2009.09.16"]
[SourceQuality "1"]

1. e4 c5 2. Nf3 d6 3. Bb5+ Bd7 4. Bxd7+ Qxd7 5. 0-0 Nc6 6. c3 Nf6 7. Qe2 e6 8. d4 cxd4 9. cxd4 d5 10. e5 Ne4 11. Be3 Be7 12. Ne1 f6 13. f3 Ng5 14. exf6 Bxf6 15. Nc3 Nf7 16. Rd1 Nd6 17. Qf2 Nf5 18. Ne2 0-0 19. Nd3 Qe7 20. Rfe1 Rac8 21. Ndf4 Qd6 22. Nd3 Nb4 23. Bf4 Qb6 24. Nxb4 Qxb4 25. g4 Bh4 26. Bg3 Nxg3 27. hxg3 Bf6 28. Nf4 Rc4 29. Nxe6 Rfc8 30. g5 Be7 31. a3 Qd6 32. Re2 Bd8 33. f4 Bb6 34. f5 Re8 35. Kg2 Qd7 36. Rde1 Qf7 37. Qf4 Rc6 38. Qg4 g6 39. f6 h5 40. gxh6 1-0

[Event "Tashkent zt 3.4 (Women)"]
[Site "Tashkent"]
[Date "2009.06.17"]
[Round "1"]
[White "Sergeyeva, Maria"]
[Black "Nadirjanova, Nodira"]
[Result "0-1"]
[WhiteElo "2377"]
[BlackElo "2130"]
[PlyCount "92"]
[EventDate "2009.06.17"]
[EventType "tourn"]
[EventRounds "11"]
[EventCountry "UZB"]
[SourceTitle "CBM 131 Extra"]
[Source "ChessBase"]
[SourceDate "2009.09.03"]
[SourceVersion "2"]
[SourceVersionDate "2009.09.16"]
[SourceQuality "1"]

1. e4 e6 2. d4 d5 3. Nc3 dxe4 4. Nxe4 Bd7 5. Bd3 Bc6 6. Nf3 Nd7 7. 0-0 Ngf6 8. Ng3 Be7 9. Re1 Bxf3 10. Qxf3 c6 11. Bg5 0-0 12. Rad1 Re8 13. c4 Qa5 14. Bd2 Bb4 15. Bxb4 Qxb4 16. b3 Rad8 17. Ne4 Nxe4 18. Rxe4 Nf6 19. Rh4 h6 20. h3 Qe7 21. Re1 Rd7 22. Re5 Red8 23. Qe3 Qf8 24. Rf4 b6 25. Bc2 Qe7 26. a4 g5 27. Rf3 Rxd4 28. Rxg5+ hxg5 29. Qxg5+ Kf8 30. Rxf6 Qc5 31. Qh6+ Ke7 32. Rf4 Qe5 33. Qh4+ Ke8 34. Rxd4 Rxd4 35. Qg3 Qxg3 36. fxg3 f5 37. Kh2 c5 38. g4 Rd2 39. Bb1 Rb2 40. Bd3 fxg4 41. h4 Kf7 42. h5 Kg7 43. Be4 Rxb3 44. Bc6 Kh6 45. Bd7 Re3 46. Be8 Rc3 0-1

[Event "Olympiad Women-38"]
[Site "Dresden"]
[Date "2008.11.22"]
[Round "9"]
[White "Fredericia, Louise Winther"]
[Black "Sergeyeva, Maria"]
[Result "0-1"]
[WhiteElo "2095"]
[BlackElo "2325"]
[PlyCount "120"]
[EventDate "2008.11.13"]
[EventType "team-swiss"]
[EventRounds "11"]
[EventCountry "GER"]
[SourceTitle "CBM 128"]
[Source "ChessBase"]
[SourceDate "2009.01.28"]
[SourceVersion "1"]
[SourceVersionDate "2009.01.28"]
[SourceQuality "1"]
[WhiteTeam "Denmark (W)"]
[BlackTeam "Kazakhstan (W)"]
[WhiteTeamCountry "DEN"]
[BlackTeamCountry "KAZ"]

1. e4 c5 2. Nf3 d6 3. g3 Nc6 4. Bg2 g6 5. 0-0 Bg7 6. c3 e5 7. d3 Nge7 8. a3 a5 9. a4 0-0 10. Na3 h6 11. Be3 f5 12. Qc1 Kh7 13. Ne1 Be6 14. f4 Rc8 15. Nf3 exf4 16. gxf4 Nd4 17. Qe1 Nb3 18. Rd1 d5 19. Qh4 Kg8 20. Ne5 d4 21. Bf2 g5 22. Qh3 gxf4 23. Nac4 Rf6 24. Qh5 fxe4 25. dxe4 Ng6 26. Nxg6 Bxc4 27. Bh4 Bxf1 28. Bxf6 Qxf6 29. Rxf1 Kh7 30. Nxf4 Qg5 31. Qh3 Rf8 32. Qg3 Nd2 33. Rf2 dxc3 34. bxc3 Bxc3 35. Qxc3 Nxe4 36. Qc2 Re8 37. Kf1 Qf5 38. Bxe4 Qxe4 39. Nd5 Kh8 40. Qxe4 Rxe4 41. Rf7 Kg8 42. Nf6+ Kxf7 43. Nxe4 b6 44. Ke2 Ke6 45. Kd3 Ke5 46. Nc3 h5 47. Ke3 h4 48. h3 c4 49. Kf3 Kd4 50. Nb5+ Kd3 51. Kg4 c3 52. Nxc3 Kxc3 53. Kxh4 Kb4 54. Kg5 b5 55. axb5 Kxb5 56. h4 a4 57. h5 a3 58. Kg6 a2 59. h6 a1Q 60. Kh7 Qf6 0-1

[Event "Olympiad Women-38"]
[Site "Dresden"]
[Date "2008.11.21"]
[Round "8"]
[White "Vega Gutierrez, Sabrina Neide"]
[Black "Sergeyeva, Maria"]
[Result "1-0"]
[WhiteElo "2278"]
[BlackElo "2325"]
[PlyCount "55"]
[EventDate "2008.11.13"]
[EventType "team-swiss"]
[EventRounds "11"]
[EventCountry "GER"]
[SourceTitle "CBM 128"]
[Source "ChessBase"]
[SourceDate "2009.01.28"]
[SourceVersion "1"]
[SourceVersionDate "2009.01.28"]
[SourceQuality "1"]
[WhiteTeam "Spain (W)"]
[BlackTeam "Kazakhstan (W)"]
[WhiteTeamCountry "ESP"]
[BlackTeamCountry "KAZ"]

1. e4 c5 2. Nf3 d6 3. d4 cxd4 4. Nxd4 Nf6 5. Nc3 a6 6. h3 e6 7. g4 b5 8. Bg2 Bb7 9. 0-0 b4 10. Nd5 Nc6 11. g5 exd5 12. gxf6 Qxf6 13. Nxc6 Bxc6 14. exd5 Bb5 15. Re1+ Be7 16. a3 0-0 17. axb4 Rfe8 18. Ra3 Bf8 19. Rae3 Rxe3 20. Rxe3 g6 21. Bd2 Qd4 22. c3 Qf6 23. b3 a5 24. c4 axb4 25. cxb5 Ra1 26. Bc1 Bh6 27. Re8+ Kg7 28. Rc8 1-0

[Event "Tashkent (Women) 1st"]
[Site "Tashkent"]
[Date "2008.09.15"]
[Round "11"]
[White "Sergeyeva, Maria"]
[Black "Andriasian, Siranush"]
[Result "1-0"]
[WhiteElo "2325"]
[BlackElo "2280"]
[PlyCount "73"]
[EventDate "2008.09.05"]
[EventType "tourn"]
[EventRounds "11"]
[EventCountry "UZB"]
[SourceTitle "CBM 126 Extra"]
[Source "ChessBase"]
[SourceDate "2008.11.05"]
[SourceVersion "1"]
[SourceVersionDate "2008.11.05"]
[SourceQuality "1"]

1. e4 e5 2. Nf3 Nc6 3. Bb5 Nf6 4. 0-0 Nxe4 5. d4 a6 6. Bxc6 dxc6 7. Qe2 Bf5 8. Nxe5 Qxd4 9. Nf3 Qb4 10. c3 Qe7 11. Nd4 Nd6 12. Qf3 Be4 13. Qg3 0-0-0 14. Nd2 Qd7 15. Nxe4 Nxe4 16. Qf3 Qd5 17. Re1 Nf6 18. Qh3+ Kb8 19. Be3 Bd6 20. Nf5 Bc5 21. c4 Qe5 22. Bd4 Bxd4 23. Rxe5 Bxe5 24. Re1 g6 25. Qf3 Rhe8 26. Ne3 Bxb2 27. Rb1 Rd2 28. g3 Ne4 29. Qxf7 Red8 30. Qe7 R8d4 31. Qf8+ Ka7 32. Nf1 Nc3 33. Nxd2 Rxd2 34. Re1 Ne2+ 35. Kf1 Nd4 36. Qb4 Rc2 37. Rb1 1-0

[Event "Tashkent (Women) 1st"]
[Site "Tashkent"]
[Date "2008.09.12"]
[Round "8"]
[White "Sabirova, Olga"]
[Black "Sergeyeva, Maria"]
[Result "0-1"]
[WhiteElo "2185"]
[BlackElo "2325"]
[PlyCount "80"]
[EventDate "2008.09.05"]
[EventType "tourn"]
[EventRounds "11"]
[EventCountry "UZB"]
[SourceTitle "CBM 126 Extra"]
[Source "ChessBase"]
[SourceDate "2008.11.05"]
[SourceVersion "1"]
[SourceVersionDate "2008.11.05"]
[SourceQuality "1"]

1. e4 c5 2. Nc3 Nc6 3. Bb5 Nd4 4. Bc4 g6 5. Nf3 Bg7 6. Nxd4 cxd4 7. Qf3 Nh6 8. Ne2 0-0 9. d3 Ng4 10. Bb3 d6 11. Qg3 a5 12. a4 Qb6 13. h4 h5 14. Nf4 e6 15. 0-0 Bd7 16. Bd2 Rfc8 17. f3 Ne5 18. Nh3 Nxd3 19. cxd3 Qxb3 20. Qxd6 Be8 21. Rad1 Bxa4 22. Bc1 Ra6 23. Qe7 Rac6 24. f4 R6c7 25. Qg5 Rc5 26. Qg3 Qa2 27. Rde1 Qb1 28. f5 Rxc1 29. fxe6 Be8 30. Kh2 Rxe1 31. Rxe1 Qxb2 32. exf7+ Bxf7 33. e5 Re8 34. Ng5 Qa2 35. Kh1 Qd5 36. Nf3 a4 37. Re4 a3 38. Rxd4 Bxe5 39. Rxd5 Bxg3 40. Ra5 a2 0-1

[Event "Tashkent (Women) 1st"]
[Site "Tashkent"]
[Date "2008.09.07"]
[Round "3"]
[White "Sergeyeva, Maria"]
[Black "Hamrakulova, Yulduz"]
[Result "1/2-1/2"]
[WhiteElo "2325"]
[BlackElo "2145"]
[PlyCount "171"]
[EventDate "2008.09.05"]
[EventType "tourn"]
[EventRounds "11"]
[EventCountry "UZB"]
[SourceTitle "CBM 126 Extra"]
[Source "ChessBase"]
[SourceDate "2008.11.05"]
[SourceVersion "1"]
[SourceVersionDate "2008.11.05"]
[SourceQuality "1"]

1. e4 e5 2. Nf3 Nc6 3. Bb5 a6 4. Ba4 Nf6 5. 0-0 Be7 6. Re1 b5 7. Bb3 d6 8. c3 0-0 9. d4 Bg4 10. d5 Na5 11. Bc2 c6 12. h3 Bc8 13. dxc6 Qc7 14. Nbd2 Qxc6 15. Nf1 Nc4 16. Ng3 Re8 17. a4 Bb7 18. Nf5 Bf8 19. b3 Nb6 20. Bg5 Nbd7 21. axb5 axb5 22. Rxa8 Rxa8 23. Bd3 Qxc3 24. Bxb5 Bxe4 25. Bd2 Qc2 26. Ne3 Qxd1 27. Rxd1 Rb8 28. Bxd7 Nxd7 29. Ba5 Bxf3 30. gxf3 Rxb3 31. Bc7 Nf6 32. Bxd6 Bxd6 33. Rxd6 h6 34. Rd8+ Kh7 35. Rf8 Rb7 36. Ng4 Nxg4 37. hxg4 Kg6 38. Kg2 Kg5 39. Re8 f6 40. Rc8 h5 41. gxh5 Kxh5 42. Rc4 g5 43. Rc6 Kg6 44. Kg3 Kf5 45. Ra6 Rb3 46. Kg2 Rb4 47. Rc6 Rf4 48. Kg3 g4 49. fxg4+ Rxg4+ 50. Kf3 Ra4 51. Rb6 Ra3+ 52. Ke2 Kg5 53. f3 Ra4 54. Re6 Ra5 55. Rb6 f5 56. Rb4 Ra3 57. Rc4 Ra2+ 58. Ke1 f4 59. Rc8 Kf6 60. Rc6+ Kf5 61. Rb6 Ra5 62. Kf2 Ra2+ 63. Kf1 Ra5 64. Kf2 Ra8 65. Rc6 Re8 66. Ra6 Re6 67. Ra7 Rb6 68. Ke2 Ke6 69. Ra5 Rb2+ 70. Ke1 Rc2 71. Rb5 Kd6 72. Ra5 Rc5 73. Ra4 Kd5 74. Kd2 Rb5 75. Ke2 Rb2+ 76. Ke1 Rc2 77. Rb4 Rc4 78. Rb3 Kd4 79. Kd2 e4 80. fxe4 Kxe4 81. Ke2 Ra4 82. Kf2 Ra2+ 83. Kf1 Rd2 84. Ra3 f3 85. Ra8 Ke3 86. Re8+ 1/2-1/2

[Event "Tashkent (Women) 1st"]
[Site "Tashkent"]
[Date "2008.09.06"]
[Round "2"]
[White "Doluhanova, Evgeniya"]
[Black "Sergeyeva, Maria"]
[Result "0-1"]
[WhiteElo "2255"]
[BlackElo "2325"]
[PlyCount "103"]
[EventDate "2008.09.05"]
[EventType "tourn"]
[EventRounds "11"]
[EventCountry "UZB"]
[SourceTitle "CBM 126 Extra"]
[Source "ChessBase"]
[SourceDate "2008.11.05"]
[SourceVersion "1"]
[SourceVersionDate "2008.11.05"]
[SourceQuality "1"]

1. e4 c5 2. Na3 d6 3. c3 Nf6 4. d3 g6 5. f4 Nc6 6. Nf3 Bg7 7. Be2 0-0 8. 0-0 Rb8 9. Qe1 b5 10. Bd2 b4 11. Nc2 Qb6 12. Kh1 b3 13. axb3 Qxb3 14. Ne3 Qxb2 15. e5 dxe5 16. fxe5 Ng4 17. Nc4 Qb7 18. Bf4 Be6 19. h3 Bxc4 20. hxg4 Bd5 21. Qf2 Rbc8 22. Rab1 Qd7 23. Qh4 f6 24. exf6 exf6 25. Qg3 Rfe8 26. Rf2 f5 27. gxf5 Qxf5 28. Nh4 Qf6 29. c4 Nd4 30. Bg4 Be6 31. Bh6 Qe7 32. Bxg7 Qxg7 33. Bxe6+ Rxe6 34. Rb8 Rce8 35. Rxe8+ Rxe8 36. Qg5 Qe5 37. Qxe5 Rxe5 38. Nf3 Rf5 39. Ra2 Nxf3 40. gxf3 Rxf3 41. Rxa7 Rxd3 42. Rc7 Rh3+ 43. Kg2 Rh5 44. Kg3 Rg5+ 45. Kf4 Rf5+ 46. Kg4 h5+ 47. Kg3 Rg5+ 48. Kh3 Kf8 49. Kh2 Ke8 50. Kh3 Kd8 51. Ra7 Rg4 52. Rg7 0-1

[Event "Tashkent (Women) 1st"]
[Site "Tashkent"]
[Date "2008.09.05"]
[Round "1"]
[White "Sergeyeva, Maria"]
[Black "Nadirjanova, Nodira"]
[Result "1-0"]
[WhiteElo "2325"]
[BlackElo "2118"]
[PlyCount "67"]
[EventDate "2008.09.05"]
[EventType "tourn"]
[EventRounds "11"]
[EventCountry "UZB"]
[SourceTitle "CBM 126 Extra"]
[Source "ChessBase"]
[SourceDate "2008.11.05"]
[SourceVersion "1"]
[SourceVersionDate "2008.11.05"]
[SourceQuality "1"]

1. e4 e6 2. d4 d5 3. Nc3 Nf6 4. e5 Nfd7 5. f4 c5 6. Nf3 Nc6 7. Be3 a6 8. Qd2 cxd4 9. Nxd4 Bc5 10. Nce2 0-0 11. c3 Qc7 12. g3 b5 13. Bg2 Bb7 14. 0-0 Ba7 15. Kh1 Nc5 16. Nxc6 Bxc6 17. Bd4 a5 18. f5 Ne4 19. Qe3 exf5 20. Rxf5 b4 21. Nf4 bxc3 22. bxc3 Bxd4 23. cxd4 Qb7 24. Nh5 f6 25. exf6 g6 26. f7+ Rxf7 27. Rxf7 Qxf7 28. Rf1 Qe7 29. Nf6+ Kg7 30. Nxe4 dxe4 31. d5 Bb5 32. Qd4+ Kh6 33. Rf4 Qb4 34. Rh4+ 1-0

[Event "Abu Dhabi op 17th"]
[Site "Abu Dhabi"]
[Date "2007.08.18"]
[Round "7"]
[White "Sergeyeva, Maria"]
[Black "Kiss, Pal"]
[Result "1/2-1/2"]
[WhiteElo "2328"]
[BlackElo "2413"]
[PlyCount "41"]
[EventDate "2007.08.12"]
[EventType "swiss"]
[EventRounds "9"]
[EventCountry "UAE"]
[SourceTitle "CBM 119 Extra"]
[Source "ChessBase"]
[SourceDate "2007.09.04"]
[SourceVersion "1"]
[SourceVersionDate "2007.09.04"]
[SourceQuality "1"]

1. e4 c5 2. Nf3 Nc6 3. d4 cxd4 4. Nxd4 g6 5. c4 Nf6 6. Nc3 d6 7. Be2 Nxd4 8. Qxd4 Bg7 9. Bg5 0-0 10. Qd2 Be6 11. Rc1 Qa5 12. 0-0 a6 13. Bd3 Rfc8 14. Nd5 Qxd2 15. Bxd2 Nxd5 16. exd5 Bd7 17. Bg5 e6 18. Be7 exd5 19. cxd5 Bf8 20. Bf6 Bg7 21. Be7 1/2-1/2

[Event "Abu Dhabi op 17th"]
[Site "Abu Dhabi"]
[Date "2007.08.17"]
[Round "6"]
[White "Ivanov, Mikhail M"]
[Black "Sergeyeva, Maria"]
[Result "1/2-1/2"]
[WhiteElo "2455"]
[BlackElo "2328"]
[PlyCount "100"]
[EventDate "2007.08.12"]
[EventType "swiss"]
[EventRounds "9"]
[EventCountry "UAE"]
[SourceTitle "CBM 119 Extra"]
[Source "ChessBase"]
[SourceDate "2007.09.04"]
[SourceVersion "1"]
[SourceVersionDate "2007.09.04"]
[SourceQuality "1"]

1. d4 Nf6 2. c4 g6 3. Nc3 Bg7 4. e4 d6 5. Nge2 e5 6. d5 Nh5 7. Be3 0-0 8. Nc1 Nd7 9. g3 Ndf6 10. h3 c6 11. Nb3 cxd5 12. cxd5 Bd7 13. a4 h6 14. Be2 Qc8 15. Rc1 Qd8 16. a5 b5 17. Qd3 a6 18. Na2 Rc8 19. Nb4 Rxc1+ 20. Bxc1 Qc8 21. h4 Qe8 22. Bd2 Ng4 23. f3 Nxg3 24. fxg4 Nxh1 25. Qf3 f5 26. gxf5 gxf5 27. Qxh1 fxe4 28. Be3 Qc8 29. Qxe4 Bf5 30. Qg2 Kh7 31. Nc6 Bf6 32. Kd2 Bb1 33. Nc1 Qf5 34. Nd3 e4 35. Nf4 Bxb2 36. h5 Rg8 37. Qf2 Qf6 38. Bd4 Bxd4 39. Nxd4 Rc8 40. Bg4 Rc4 41. Bf5+ Kh8 42. Ng6+ Kg7 43. Ne6+ Kg8 44. Ne7+ Qxe7 45. Qg1+ Kh8 46. Qxb1 Qf6 47. Bxe4 Qf2+ 48. Kd3 Qg3+ 49. Kd2 Qf2+ 50. Kd3 Qg3+ 1/2-1/2

[Event "Dubai op 08th"]
[Site "Dubai"]
[Date "2006.04.24"]
[Round "2"]
[White "Pantsulaia, Levan"]
[Black "Sergeyeva, Maria"]
[Result "1-0"]
[WhiteElo "2611"]
[BlackElo "2355"]
[PlyCount "63"]
[EventDate "2006.04.23"]
[EventType "swiss"]
[EventRounds "9"]
[EventCountry "UAE"]
[SourceTitle "EXT 2007"]
[Source "ChessBase"]
[SourceDate "2006.11.23"]
[SourceVersion "1"]
[SourceVersionDate "2006.11.23"]
[SourceQuality "1"]

1. Nf3 Nf6 2. c4 g6 3. g3 Bg7 4. Bg2 0-0 5. 0-0 d6 6. d4 Nbd7 7. Nc3 e5 8. h3 Re8 9. e4 exd4 10. Nxd4 Nc5 11. Re1 h6 12. Kh2 Bd7 13. f4 a5 14. Rb1 h5 15. b3 a4 16. b4 Ne6 17. Be3 c6 18. a3 Qc7 19. Rc1 h4 20. g4 g5 21. fxg5 d5+ 22. Kh1 Nxe4 23. Nxe4 dxe4 24. Nf5 Be5 25. Bxe4 Rad8 26. Rf1 Rf8 27. Qf3 Kh8 28. Nxh4 Ng7 29. Nf5 Be6 30. Qf2 Bxf5 31. gxf5 Kg8 32. Bb6 1-0

[Event "Marianske Lazne IM-A2"]
[Site "Marianske Lazne"]
[Date "2005.01.28"]
[Round "7.4"]
[White "Sergeyeva, Maria"]
[Black "Talla, Vladimir"]
[Result "0-1"]
[WhiteElo "2312"]
[BlackElo "2417"]
[PlyCount "82"]
[EventDate "2005.01.22"]
[EventType "tourn"]
[EventRounds "9"]
[EventCountry "CZE"]
[EventCategory "3"]
[SourceTitle "CBM 104 Extra"]
[Source "ChessBase"]
[SourceDate "2005.03.01"]
[SourceVersion "1"]
[SourceVersionDate "2005.03.01"]
[SourceQuality "1"]

1. e4 e5 2. Nf3 Nc6 3. Bb5 a6 4. Ba4 Nf6 5. 0-0 Be7 6. Re1 b5 7. Bb3 d6 8. c3 Na5 9. Bc2 c5 10. d4 Qc7 11. Nbd2 0-0 12. Nf1 cxd4 13. cxd4 Bg4 14. Ne3 Bxf3 15. Qxf3 Nc6 16. Nf5 Nxd4 17. Nxd4 exd4 18. Bb3 Nd7 19. Qg3 Bf6 20. Bg5 Bxg5 21. Qxg5 Ne5 22. Red1 Qb6 23. Rac1 d3 24. h3 Qd4 25. Qd2 Rac8 26. Bd5 Rc5 27. Kh1 Rfc8 28. Rxc5 dxc5 29. f4 Nc4 30. Qxd3 Qxd3 31. Rxd3 Nxb2 32. Rd2 Na4 33. Bb7 Rb8 34. Bxa6 g6 35. Rd5 Rb6 36. Bc8 c4 37. Bg4 b4 38. Be2 b3 39. Bxc4 b2 40. Bd3 b1Q+ 41. Bxb1 Rxb1+ 0-1

[Event "Marianske Lazne IM-A2"]
[Site "Marianske Lazne"]
[Date "2005.01.24"]
[Round "3.5"]
[White "Rohrmueller, Ulrich"]
[Black "Sergeyeva, Maria"]
[Result "0-1"]
[WhiteElo "2241"]
[BlackElo "2312"]
[PlyCount "56"]
[EventDate "2005.01.22"]
[EventType "tourn"]
[EventRounds "9"]
[EventCountry "CZE"]
[EventCategory "3"]
[SourceTitle "CBM 104 Extra"]
[Source "ChessBase"]
[SourceDate "2005.03.01"]
[SourceVersion "1"]
[SourceVersionDate "2005.03.01"]
[SourceQuality "1"]

1. Nf3 Nf6 2. c4 g6 3. Nc3 Bg7 4. e4 d6 5. d4 0-0 6. Be2 e5 7. 0-0 Nc6 8. d5 Ne7 9. Ne1 Nd7 10. Be3 f5 11. f3 h5 12. Nd3 Kh7 13. c5 Bh6 14. Bxh6 Kxh6 15. Qd2+ f4 16. b4 g5 17. Nb5 a6 18. Na3 Nf6 19. Rac1 Ng6 20. Nc4 Kh7 21. g3 Bh3 22. Rf2 g4 23. cxd6 cxd6 24. gxf4 gxf3 25. Rxf3 Rg8 26. fxe5 Nxe5+ 27. Rg3 Nxe4 28. Ndxe5 Rxg3+ 0-1

[Event "Prague op-A 04th"]
[Site "Prague"]
[Date "2005.01.21"]
[Round "9"]
[White "Vavra, Pavel"]
[Black "Sergeyeva, Maria"]
[Result "1-0"]
[WhiteElo "2390"]
[BlackElo "2312"]
[PlyCount "59"]
[EventDate "2005.01.14"]
[EventType "swiss"]
[EventRounds "9"]
[EventCountry "CZE"]
[SourceTitle "CBM 104 Extra"]
[Source "ChessBase"]
[SourceDate "2005.03.01"]
[SourceVersion "1"]
[SourceVersionDate "2005.03.01"]
[SourceQuality "1"]

1. e4 c5 2. Nf3 d6 3. d4 cxd4 4. Nxd4 Nf6 5. Nc3 a6 6. Be3 e6 7. g4 e5 8. Nf5 h5 9. g5 Nxe4 10. Nxg7+ Bxg7 11. Nxe4 d5 12. Ng3 h4 13. Nh5 Kf8 14. Bc5+ Kg8 15. Nf6+ Bxf6 16. gxf6 Rh6 17. Rg1+ Rg6 18. Rxg6+ fxg6 19. Be7 Qd7 20. Qd2 Kh7 21. Qg5 Qg4 22. f7 Qxg5 23. f8Q Qh6 24. Qxc8 Nc6 25. Qxa8 Nd4 26. Qf8 Qh5 27. Qf7+ Kh6 28. Bf8+ Kg5 29. f4+ exf4 30. Qxd5+ 1-0